000 00215 a2200109 4500
020 _a9780545768900
041 _aspa
100 _aNick Bruel
245 _aFeliz Cumpleaǫs Minina Mala
942 _cBK
952 _71
999 _c24297
_d24297